000
00299nam a2200133Ia 4500
100
_a
Shur Michael
942
_c
BK
654
_a
Physics
245
_a
Physics of semi conductor devices
260
_b
Prentice Hall
_a
New Delhi
_c
1995
082
_a
530.41
_b
SHU
300
_a
680
546
_a
ENGLISH
999
_c
26077
_d
26077